The cultural dimension of developmnt : (Record no. 3139)

MARC details
000 -LEADER
fixed length control field 00587nam a2200193 4500
003 - CONTROL NUMBER IDENTIFIER
control field OSt
005 - DATE AND TIME OF LATEST TRANSACTION
control field 20160302151543.0
008 - FIXED-LENGTH DATA ELEMENTS--GENERAL INFORMATION
fixed length control field 160302b xxu||||| |||| 00| 0 eng d
020 ## - INTERNATIONAL STANDARD BOOK NUMBER
International Standard Book Number 1853392510
040 ## - CATALOGING SOURCE
Transcribing agency 040a
082 ## - DEWEY DECIMAL CLASSIFICATION NUMBER
Classification number 338.9
Item number CUL 1995
245 ## - TITLE STATEMENT
Title The cultural dimension of developmnt :
Remainder of title indigenous knowledge systems /
Statement of responsibility, etc. D. Michael Warren
260 ## - PUBLICATION, DISTRIBUTION, ETC. (IMPRINT)
Place of publication, distribution, etc. London
Name of publisher, distributor, etc. Intermediate technology publishers
Date of publication, distribution, etc. 1995
300 ## - PHYSICAL DESCRIPTION
Extent xviii, 582p;
Other physical details ill :
Dimensions 12 cm
504 ## - BIBLIOGRAPHY, ETC. NOTE
Bibliography, etc includes index
650 ## - SUBJECT ADDED ENTRY--TOPICAL TERM
Topical term or geographic name as entry element Cultural development
9 (RLIN) 6989
700 ## - ADDED ENTRY--PERSONAL NAME
Personal name Warren, D. Micheal
9 (RLIN) 6990
942 ## - ADDED ENTRY ELEMENTS (KOHA)
Source of classification or shelving scheme Dewey Decimal Classification
Koha item type Short Loan
Holdings
Withdrawn status Lost status Source of classification or shelving scheme Damaged status Not for loan Home library Current library Date acquired Inventory number Total Checkouts Full call number Barcode Date last seen Price effective from Koha item type
    Dewey Decimal Classification     MUST Main Library MUST Main Library 02/03/2016 2003/19330   338.9 CUL 1995 2016-0303 02/03/2016 02/03/2016 Short Loan
    Dewey Decimal Classification     MUST Main Library MUST Main Library 02/03/2016 2003/19329   338.9 CUL 1995 2016-0304 02/03/2016 02/03/2016 Short Loan